• 首页
  • 本馆介绍
  • 公告通知
  • 最新文献
  • 馆藏检索
  • 电子资源
  • 读者导购
  • 参考咨询
  • 我的图书馆
  • 登录
  • 详细信息显示
  • 放入我的书架
  • 预约/预借图书
  • 作者相关作品
  • 分类相关作品
  • 丛书相关作品
  • 出版社相关作品

书目信息

  • 表格格式
  • 工作单格式
  • 卡片格式
题名:
胶粘剂用户小手册
    
 
作者: 王庆元 编
分册:  
出版信息: 北京   化学工业出版社  1995.06
页数: 192页
开本: 19cm
丛书名:
单 册:
中图分类: TQ430.7
科图分类:
主题词: 胶粘剂--化学工业--基本知识
电子资源:
ISBN: 7-5025-1508-9
000 00622nam0 2200205 45
001 0112070939
005 20031219104051.8
010    @a7-5025-1508-9@dCNY9.00
100    @a20011207d1995 km y0chiy0120 ea
101 0  @achi
105    @a z 000yy
200 1  @a胶粘剂用户小手册@AJiao Nian Ji Yong Hu Xiao Shou Ce@f王庆元等编@FWang Qing Yuan Deng Bian
210    @a北京@c化学工业出版社@d1995.06@h2000.1第5次印刷
215    @a192页@d19cm
320    @a书末附原料索引
606 0  @a胶粘剂@x化学工业@x基本知识
690    @aTQ430.7@v4
701  0 @a王庆元@4编
801    @aCN@bTSTC@c20011207
905    @f6@b301244-249@dTQ430.7@e3
    
    胶粘剂用户小手册/王庆元等编.-北京:化学工业出版社,1995.06(2000.1第5次印刷)
    192页;19cm
    
    
    ISBN 7-5025-1508-9:CNY9.00
    
●
相关链接 在E读中查询图书 在五车中查询图书 在当当中查询图书 在豆瓣中查询图书


正题名:胶粘剂用户小手册     索取号:TQ430.7/3         预约/预借

序号 登录号 条形码 馆藏地/架位号 状态 备注
1 0301244   203012444   第三借阅区/ [索取号:TQ430.7/3] 在馆    
2 0301245   203012453   第三借阅区/ [索取号:TQ430.7/3] 在馆    
3 0301246   203012462   第三借阅区/ [索取号:TQ430.7/3] 在馆    
4 0301247   203012471   第三借阅区/ [索取号:TQ430.7/3] 在馆    
5 0301248   203012480   第三借阅区/ [索取号:TQ430.7/3] 在馆    
6 0301249   203012499   第二样本阅览室/ [索取号:TQ430.7/3] 在馆    
唐山师范学院图书馆 欢迎您!
大连网信软件有限公司© 版权所有